Kessoku band songs - Statistics

General Stats
  • This quiz has been taken 17 times
  • The average score is 13 of 26
Answer Stats
hint Answer % Correct
original songs That band
91%
original songs Guitar loneliness and the blue planet
82%
Re: Re:Re:
82%
original songs Seisyun Complex
82%
original songs if i could be a constellation
73%
original songs Karakara
73%
original songs distortion!!
64%
original songs Rockn' Roll, Morning Light Falls on You
64%
original songs Hitoribocchi Tokyo
55%
into the light into the light
55%
We will milky way
55%
original songs never forget
55%
original songs flashbacker
45%
original songs I can't sing a love song
45%
We will Planet
45%
original songs Secret base
45%
Re: Me and the three primary colors
36%
We will UNITE
36%
original songs what's wrong with
36%
We will Bundle up your dreams
27%
Re: Chronostasis
27%
Re: Doppelganger
27%
Re: Now, I'm going from underground
27%
[REDACTED] shine as usual
27%
original songs the little sea
27%
into the light blue spring western skys
18%
No matching quizzes found
Score Distribution
Percent of People with Each Score
Percentile by Number Answered
Your Score History
You have not taken this quiz